000 03626njm0a2200373 4500
001 RU\NLR\ONIZ\211865
005 20250708192603.0
035 _a(NLR Aleph) 010891410
071 0 0 _aД-027305-6
090 _a13283253
_c13283253
100 _a20150603d1964 |||y0rusy50 ca
102 _aRU
126 _aabuxexu ux
_bxxx
127 _a000035
135 _ahonoannnanndn
200 1 _a[Играет] Святослав Рихтер, фп.
_bЗвукозапись
210 _aМ.
_cМелодия
_d1964
215 _a1 грп. [5289-80] (35 мин): 33 об/мин, моно; 30 см, в конв.
327 1 _a1. Концерт № 20 для фортепиано с оркестром : ре мин. : К. 466 / В. А. Моцарт ; сопровожд..: Симфонический оркестр Варшавской филармонии, дирижёр С. Вислоцкий.
_a2. Концерт № 5 для фортепиано с оркестром : Соль маж. : соч. 55 / С. Прокофьев ; сопровожд.: Симфонический оркестр Варшавской филармонии, дир. В. Ровицкий
464 0 _12001#$aКонцерт № 20 для фортепиано с оркестром$eре мин.$eК. 466$fВ. А. Моцарт$gсопровожд..: Симфонический оркестр Варшавской филармонии, дирижёр С. Вислоцкий
_16061#$aКонцерты для фортепиано с оркестром$xЗвукозапись$yАвстрия$z18 век$2shnlr
_1686##$aЩ954.2-042(4А)$vLBC/SL$2rubbk
_1701#1$9z01790$aМоцарт$bВ. А.$gВольфганг Амадей$f1756-1791$4230$7ca
_1702#1$9z01790$aВислоцкий$bС.$gСтанислав$f1921-1998$4250$7ca
_171202$aСимфонический оркестр Варшавской филармонии$4590$7ba
_1790#1$9z01701$aMozart$bW. A.$gWolfgang Amadeus$f1756-1791$4230$7ba
_1790#1$9z01702$aWisłocki$bS.$gStanislaw$f1921-1998$4250$7ba
_tКонцерт № 20 для фортепиано с оркестром
464 0 _12001#$aКонцерт № 5 для фортепиано с оркестром$eСоль маж.$eсоч. 55$fС. Прокофьев$gсопровожд.: Симфонический оркестр Варшавской филармонии, дир. В. Ровицкий
_16061#$aКонцерты для фортепиано с оркестром$xЗвукозапись$yРоссия$z20 век$2nlr_sh
_1686##$aЩ954.2-042(2)$vLBC/SL$2rubbk
_1701#1$9z01790$aПрокофьев$bС. С.$gСергей Сергеевич$f1891-1953$4230$7ca
_1702#1$9z01790$aРовицкий$bВ.$gВитольд$f1914-1989$4250$7ca
_171202$aСимфонический оркестр Варшавской филармонии$4590$7ba
_1790#1$9z01701$aProkofiev$bS. S.$gSergej Sergeevich$f1891-1953$4230$7ba
_1790#1$9z01702$aRowicki$bW.$gWitold$f1914-1989$4250$7ba
_tКонцерт № 5 для фортепиано с оркестром
606 1 _aИсполнительское искусство пианисты
_xЗвукозапись
_yРоссия
_z20 век
_2nlr_sh
686 _aЩ954.2, 8(2)
_vLBC/SL
_2rubbk
700 1 _9z01790
_aРихтер
_bС.Т.
_f1915-1997
_gСвятослав Теофилович
_4590
_4kfp
790 1 _9z01700
_aRixter
_bS.
_f1915-1997
_gSvyatoslav
_4590
_4kfp
_7ba
801 0 _aRU
_bNLR
_c20150603
_gPSBO
801 1 _aRU
_bNLR
_c20150603
_2rusmarc
801 2 _aRU
_bNLR
_c20210130
852 _aNLR
_bМг
_j3/8129
_p37689
_t1
942 _cREC
980 _aNB
980 _aONIZ